000 00667nam a2200277Ia 4500
005 20260324140332.0
008 008 260324s9999 xx 000 0 eng d
020 _a9781351301725
037 _aEBOOK
040 _aCRL
040 _beng
040 _cCRL
041 _2eng
041 _aeng
084 _qCRL
100 _aGunter Bischof; Anton Pelinka; Ferdinand Karlhofer
_91204007
245 4 _aThe Vranitzky Era in Austria
260 _bTaylor and Francis
260 _c1999
365 _a
365 _b230
856 _uhttp://www.taylorfrancis.com/books/9781351301725
942 _cEBOOK
999 _c1805976
_d1805976